000 00405nam a2200157Ia 4500
008 210210b1999 xxu||||| |||| 00| 0 eng d
020 _a0 684 85841 X
082 _a158.4 COVP
100 _aCOVEY (Stephen R).
245 _aPrinciple-centred leadership.
260 _aLondon
_bSimon & Schuster UK Ltd.,
_c1999
300 _a332,xxiv
650 _aLeadership
690 _aLeadership
906 _a055976
999 _c103688
_d103688